| 000 | 01534cam a22003737a 4500 | ||
|---|---|---|---|
| 003 | CHAP | ||
| 005 | 20220329142916.0 | ||
| 008 | 050208d2004 mx ad r 00110 spa d | ||
| 010 | _a89513 | ||
| 011 | _a90485 | ||
| 035 | _a101041 | ||
| 040 | _cCHAP | ||
| 090 | _aTesis | ||
| 100 | 0 | 0 |
_aAguilar Avila, Jorge. _92652 |
| 245 | 1 | 0 |
_aTransferencia de tecnología en la producción de granos: _blecciones y propuestas para México _c/por Jorge Aguilar Ávila |
| 260 |
_aChapingo, Méx. : _bEl autor, _c2004 |
||
| 300 |
_a228 h. : _bilus. ; gráfs. ; cuadros ; diagramas |
||
| 502 | _aTesis (Dr. en Problemas Económico Agroindustriales) -- UACH. Centro de Investigaciones Económicas, Sociales y Tecnológicas de la Agroindustria y la Agricultura Mundial | ||
| 590 |
_aALEPH _b10 _c20130110 _lUCH01 _h1504 |
||
| 590 |
_aBATCH-UPD _b10 _c20130110 _lUCH01 _h0429 |
||
| 590 |
_aBATCH-UPD _b10 _c20130110 _lUCH01 _h2055 |
||
| 590 |
_aBATCH-UPD _b10 _c20130410 _lUCH01 _h0104 |
||
| 590 |
_aBATCH-UPD _b10 _c20130914 _lUCH01 _h0057 |
||
| 590 |
_aCONVERSION _b10 _c20130109 _lUCH01 _h1350 |
||
| 650 | 1 | 4 |
_aAgricultura _xInnovaciones tecnologicas _zMexico. _91571 |
| 650 | 1 | 4 |
_aAgricultura _xTransferencia de tecnología. _91885 |
| 650 | 1 | 4 |
_aCereales _xProducción. _921456 |
| 650 | 1 | 4 |
_aTransferencia de tecnología. _9114619 |
| 901 | _aBK | ||
| 905 | _aMarco A. Mendoza T. | ||
| 942 | _cFOLL | ||
| 949 |
_aTesis _bBC _cTES _d1010411 _eTS1 _gDonaciØn _h43529 _i101041 _sb |
||
| 949 |
_aTesis _bBC _cTES _d33724000943510 _eTS2 _fc.2 _gDonaciØn _h43530 _i101041 _si |
||
| 999 |
_c89513 _d89513 |
||